| 000 | 00370 a2200169 4500 | ||
|---|---|---|---|
| 001 | 69505 | ||
| 020 | _a8532232213 | ||
| 040 | _cAnchieta - Itaigara | ||
| 100 | _aOizumi, Tânia Medrado Rotta | ||
| 240 | 1 | 0 |
_aSorriso alegre _lpor |
| 245 | 1 | 0 | _aSorriso alegre |
| 300 | _a39 | ||
| 362 | 0 | _a1997 | |
| 440 | 1 | _aFTD | |
| 650 | 4 | _aLiteratura infanto-juvenil | |
| 942 | _cBK | ||
| 999 |
_c69505 _d69505 |
||